000 00745nam a22002177a 4500
999 _c15467
_d15467
003 AR-CdUCM
008 190427b ||||| |||| 00| 0 spa d
040 _aMUNICIPALIDAD PROVINCIAL DEL CUSCO
_cBIBLIOTECA MUNICIPAL DEL CUSCO
082 _a869.56 /
_bM19 / 1916
100 _aAndes, Fidel de los
_934551
245 _aLa hija de la patria /
260 _aArequípa :
_bQuiroz perea,
_c1916.
300 _a88 páginas ;
_c21 cm.
440 _aBiblioteca de la federación
_934552
505 _aContenido : Ante la muerte -- La hija de la patria -- La virgen de la aldea -- Amores y lagrimas ...
650 _aLiteratura
_983
650 _aArequipeña
_930893
650 _aPeruana
_925277
942 _2ddc
_cLIBROS
945 _arah
_d27/04/2019